000
00311nam a22001337a 4500
008
181105b xxu||||| |||| 00| 0 eng d
020
_a
9780072424348
041
_a
eng
080
_a
510
100
_a
36
101
_a
MAT
245
_a
Discrete Mathematics and its Applications
_c
Rosen, K.H
942
_2
udc
_c
BK
999
_c
51906
_d
51906